000 00479nam a2200181Ia 4500
003 OSt
005 20251103162503.0
008 250729s2005 xx 000 0 und d
040 _cAL
041 _akan
082 _a494.55 ITAN
100 _aಐತಾಳ ದಾಮೋದರ
_9223808
245 _aನವಕರ್ನಾಟಕ ವ್ಯಾಕರಣ ಕೈಗನ್ನಡಿ
260 _aBangalore
_c2005
300 _a130p
650 _aKannada
_9223809
942 _2ddc
_cBED
999 _c236092
_d236092